[Event "Hastings Masters"]
[Site "Hastings/UK"]
[Date "2011.01.02"]
[Round "6.1"]
[White "Howell, David"]
[Black "Edouard, Romain"]
[Result "0-1"]
[WhiteElo "2616"]
[BlackElo "2620"]
[PlyCount "58"]
[EventDate "2011.??.??"]
[TimeControl "40/6000+30:20/3000+30:900+30"]

1. d4 Nf6 2. c4 e6 3. g3 c5 4. d5 exd5 5. cxd5 d6 6. Nc3 g6 7. Bg2 Bg7 8. Nf3
O-O 9. O-O Nbd7 10. a4 b6 11. h3 Qe7 12. Re1 Ne4 13. Nxe4 Qxe4 14. Bf4 Qe7 15.
e4 Ne5 16. Nxe5 Bxe5 17. Qd2 Re8 18. Ra3 Bd7 19. b4 Bxf4 20. gxf4 Qf6 21. Rb1
cxb4 22. Rxb4 Rac8 23. a5 b5 24. a6 Rc4 25. Rxc4 bxc4 26. Kh2 Bb5 27. Ra5 c3
28. Qe3 c2 29. Rxb5 Qa1 0-1

[Event "Hastings Masters"]
[Site "Hastings/UK"]
[Date "2011.01.02"]
[Round "6.3"]
[White "Hebden, Mark"]
[Black "Shyam, Sundar M"]
[Result "0-1"]
[WhiteElo "2556"]
[BlackElo "2414"]
[PlyCount "74"]
[EventDate "2011.??.??"]
[TimeControl "40/6000+30:20/3000+30:900+30"]

1. d4 Nf6 2. Nf3 g6 3. Nc3 d5 4. Bf4 Bg7 5. Qd2 Ne4 6. Nxe4 dxe4 7. Ne5 O-O 8.
O-O-O Qd5 9. b3 Nc6 10. Nxc6 Qxc6 11. e3 Bg4 12. Be2 Bxe2 13. Qxe2 b5 14. f3 f5
15. Bg5 a5 16. Bxe7 Rfe8 17. Bc5 exf3 18. gxf3 Bh6 19. Rd3 Rxe3 20. Rxe3 Re8
21. Re1 Rxe3 22. Qxe3 Bxe3+ 23. Rxe3 g5 24. Kb2 h5 25. h3 f4 26. Re5 Qxf3 27.
Rxg5+ Kf7 28. h4 b4 29. Rf5+ Kg6 30. Rg5+ Kf6 31. Ba7 Qc3+ 32. Kb1 Qe1+ 33. Kb2
Qxh4 34. Rxa5 f3 35. Ra6+ Kf7 36. Bc5 f2 37. Ra8 Qh3 0-1

[Event "Hastings Masters"]
[Site "Hastings/UK"]
[Date "2011.01.02"]
[Round "6.4"]
[White "Prasanna, Rao"]
[Black "Bates, Richard"]
[Result "1-0"]
[WhiteElo "2400"]
[BlackElo "2382"]
[PlyCount "99"]
[EventDate "2011.??.??"]
[TimeControl "40/6000+30:20/3000+30:900+30"]

1. e4 c5 2. Nf3 d6 3. d4 cxd4 4. Nxd4 Nf6 5. Nc3 a6 6. Be3 e5 7. Nf3 Qc7 8. a4
Be7 9. a5 O-O 10. Be2 Nbd7 11. O-O b5 12. axb6 Nxb6 13. Qd3 Bb7 14. Nd2 Rac8
15. Rfd1 Rfd8 16. Bxb6 Qxb6 17. Nc4 Qc5 18. Ne3 Bf8 19. Ra4 Qb6 20. Nc4 Qc5 21.
Ne3 Qb6 22. h3 Rc5 23. Nc4 Qc7 24. b4 Rxc4 25. Qxc4 Qxc4 26. Bxc4 Rc8 27. Bd5
Nxd5 28. Nxd5 Rxc2 29. Ra5 g6 30. Nf6+ Kh8 31. b5 axb5 32. Ra7 Rc7 33. Rb1 Bxe4
34. Rxc7 Bxb1 35. Rxf7 Bg7 36. Ne8 Bh6 37. Nxd6 e4 38. Re7 b4 39. Nf7+ Kg7 40.
Nxh6+ Kxh6 41. Rb7 Kg5 42. Rxb4 Bd3 43. Rb7 h5 44. Rf7 h4 45. Kh2 Bc4 46. Rf8
Be6 47. g3 hxg3+ 48. Kxg3 Kh6 49. h4 Kg7 50. Rb8 1-0

[Event "Hastings Masters"]
[Site "Hastings/UK"]
[Date "2011.01.02"]
[Round "6.5"]
[White "Druckenthaner, Andreas"]
[Black "Kotronias, Vasilios"]
[Result "0-1"]
[WhiteElo "2301"]
[BlackElo "2582"]
[PlyCount "76"]
[EventDate "2011.??.??"]
[TimeControl "40/6000+30:20/3000+30:900+30"]

1. d4 Nf6 2. Bf4 g6 3. e3 Bg7 4. Nf3 O-O 5. Be2 d6 6. O-O Nbd7 7. h3 Qe8 8. Bh2
e5 9. c4 Ne4 10. Nc3 Nxc3 11. bxc3 Qe7 12. Re1 f5 13. Nd2 Kh8 14. Bf1 b6 15. f4
Bb7 16. Rb1 c5 17. d5 Rae8 18. Qa4 a6 19. fxe5 Bxe5 20. Bxe5+ Nxe5 21. Rxb6 Bc8
22. Qd1 Qd8 23. Rb2 g5 24. Nf3 Ng6 25. Bd3 Qf6 26. Rf2 g4 27. Nd2 Qh4 28. hxg4
fxg4 29. g3 Qxg3+ 30. Rg2 Qe5 31. Bxg6 hxg6 32. Nf1 Rf3 33. Qd2 Kg7 34. Ree2 g3
35. Qe1 Bh3 36. Nxg3 Bxg2 37. Rxg2 Qxe3+ 38. Qxe3 Rexe3 0-1

[Event "Hastings Masters"]
[Site "Hastings/UK"]
[Date "2011.01.02"]
[Round "6.6"]
[White "Griffiths, Ryan Rhys"]
[Black "Neverov, Valeriy"]
[Result "1/2-1/2"]
[WhiteElo "2249"]
[BlackElo "2544"]
[PlyCount "85"]
[EventDate "2011.??.??"]
[TimeControl "40/6000+30:20/3000+30:900+30"]

1. c4 f5 2. g3 Nf6 3. Bg2 g6 4. Nc3 Bg7 5. d3 d6 6. e4 Nc6 7. Nge2 O-O 8. O-O
Kh8 9. h3 e5 10. exf5 Bxf5 11. g4 Be6 12. b3 h5 13. f3 Qd7 14. Bg5 Rf7 15. Ne4
Nxe4 16. dxe4 hxg4 17. hxg4 Bf6 18. Qd2 Raf8 19. Bxf6+ Rxf6 20. Qg5 Qg7 21.
Rad1 Kg8 22. Kf2 Bc8 23. Rh1 Nd8 24. Qh4 Ne6 25. g5 R6f7 26. Rh2 Nf4 27. Nxf4
Rxf4 28. Qh6 Bg4 29. Qxg7+ Kxg7 30. Rd3 b6 31. Kg3 Be6 32. Bh3 Bxh3 33. Rxh3 a5
34. a3 R4f7 35. b4 axb4 36. axb4 Ra8 37. c5 dxc5 38. bxc5 bxc5 39. Rc3 Ra1 40.
Rh2 Rf1 41. Rf2 Rg1+ 42. Rg2 Rf1 43. Rf2 1/2-1/2

[Event "Hastings Masters"]
[Site "Hastings/UK"]
[Date "2011.01.02"]
[Round "6.7"]
[White "Arghyadip, Das"]
[Black "Ashton, Adam"]
[Result "1/2-1/2"]
[WhiteElo "2476"]
[BlackElo "2328"]
[PlyCount "111"]
[EventDate "2011.??.??"]
[TimeControl "40/6000+30:20/3000+30:900+30"]

1. e4 e5 2. Nf3 Nc6 3. Bb5 a6 4. Ba4 Nf6 5. O-O Nxe4 6. d4 b5 7. Bb3 d5 8. dxe5
Be6 9. Nbd2 Be7 10. c3 Nc5 11. Bc2 d4 12. Nb3 d3 13. Bb1 Nxb3 14. axb3 Bf5 15.
b4 O-O 16. Re1 Qd7 17. h3 Bg6 18. Bf4 a5 19. bxa5 Rxa5 20. e6 fxe6 21. Rxa5
Nxa5 22. Ne5 Qd5 23. Nxg6 hxg6 24. Bxc7 Bc5 25. Bg3 Rd8 26. b4 d2 27. Re2 Qb3
28. Bc2 Qxc3 29. bxc5 Qxc2 30. Qxc2 d1=Q+ 31. Qxd1 Rxd1+ 32. Kh2 Nb3 33. c6 Nd2
34. h4 Nf1+ 35. Kh3 Nxg3 36. Kxg3 Kf7 37. Rc2 Rd8 38. Kf4 Rc8 39. Ke5 Ke7 40.
f4 b4 41. Rc4 b3 42. Rb4 Rxc6 43. Rb7+ Kf8 44. Rxb3 Kf7 45. Rb7+ Kg8 46. g4 Rc1
47. Rb8+ Kf7 48. Rb7+ Kg8 49. Kxe6 Re1+ 50. Kd5 Rh1 51. Rb8+ Kh7 52. g5 Rd1+
53. Ke6 Rd6+ 54. Kf7 Rd7+ 55. Kf8 Rf7+ 56. Kxf7 1/2-1/2

[Event "Hastings Masters"]
[Site "Hastings/UK"]
[Date "2011.01.02"]
[Round "6.8"]
[White "Chkartina, Gerhana"]
[Black "Rendle, Thomas"]
[Result "0-1"]
[WhiteElo "2014"]
[BlackElo "2391"]
[PlyCount "72"]
[EventDate "2011.??.??"]
[TimeControl "40/6000+30:20/3000+30:900+30"]

1. d4 f5 2. g3 Nf6 3. Bg2 g6 4. c4 Bg7 5. Nc3 d6 6. Nf3 O-O 7. O-O Qe8 8. Nb5
Na6 9. d5 c6 10. Nc3 Bd7 11. Rb1 h6 12. Nd4 Nc7 13. b4 Rc8 14. Bb2 g5 15. Qb3
Kh8 16. b5 c5 17. Nf3 b6 18. Rfe1 Qh5 19. Nd1 e5 20. dxe6 Bxe6 21. Ne3 f4 22.
Nf1 d5 23. Qc2 d4 24. Ne5 Bf7 25. e3 fxe3 26. fxe3 Ne6 27. exd4 Nxd4 28. Bxd4
cxd4 29. Rbd1 Ng4 30. Nxf7+ Qxf7 31. Qe2 Ne5 32. Bd5 Qf6 33. Nd2 d3 34. Qg2 Ng4
35. Nf3 Qc3 36. h3 Bd4+ 0-1

[Event "Hastings Masters"]
[Site "Hastings/UK"]
[Date "2011.01.02"]
[Round "6.9"]
[White "Bellin, Robert"]
[Black "Eggleston, David"]
[Result "1/2-1/2"]
[WhiteElo "2365"]
[BlackElo "2309"]
[PlyCount "29"]
[EventDate "2011.??.??"]
[TimeControl "40/6000+30:20/3000+30:900+30"]

1. Nf3 Nf6 2. c4 e6 3. g3 b6 4. Bg2 Bb7 5. O-O Be7 6. Nc3 O-O 7. Re1 d5 8. cxd5
exd5 9. d4 Nbd7 10. Bf4 a6 11. Rc1 Nh5 12. Be3 Re8 13. Qb3 Nhf6 14. Ne5 c6 15.
Bf1 1/2-1/2

[Event "Hastings Masters"]
[Site "Hastings/UK"]
[Date "2011.01.02"]
[Round "6.10"]
[White "Rudd, Jack"]
[Black "Sengupta, Deep"]
[Result "0-1"]
[WhiteElo "2236"]
[BlackElo "2527"]
[PlyCount "64"]
[EventDate "2011.??.??"]
[TimeControl "40/6000+30:20/3000+30:900+30"]

1. e4 e6 2. d4 d5 3. Nd2 Nf6 4. e5 Nfd7 5. f4 c5 6. c3 Nc6 7. Ndf3 Qb6 8. a3
Be7 9. b4 cxd4 10. cxd4 a6 11. Ra2 Qc7 12. Bd3 b5 13. Ne2 Nb6 14. O-O Nc4 15.
g4 a5 16. bxa5 Rxa5 17. Ng3 Qa7 18. Kh1 Nb4 19. Raf2 Nxd3 20. Qxd3 Bxa3 21.
Bxa3 Rxa3 22. Qb1 Qa4 23. f5 Qb3 24. fxe6 Bxe6 25. Qxb3 Rxb3 26. Ng5 Ne3 27.
Ra1 O-O 28. Nf5 Bxf5 29. gxf5 h6 30. Nh3 Nxf5 31. Rxf5 Rxh3 32. Raf1 Re3 0-1

[Event "Hastings Masters"]
[Site "Hastings/UK"]
[Date "2011.01.02"]
[Round "6.12"]
[White "Furman, Boris"]
[Black "Ramnath Bhuvanesh, R."]
[Result "1/2-1/2"]
[WhiteElo "2237"]
[BlackElo "2387"]
[PlyCount "85"]
[EventDate "2011.??.??"]
[TimeControl "40/6000+30:20/3000+30:900+30"]

1. d4 Nf6 2. c4 g6 3. Nc3 Bg7 4. Nf3 O-O 5. Bg5 c5 6. d5 b5 7. Nxb5 Ne4 8. Bc1
Qa5+ 9. Nd2 e6 10. g3 exd5 11. Bg2 Bb7 12. O-O f5 13. Nxe4 dxe4 14. Bf4 a6 15.
Bd2 Qb6 16. Nc3 d6 17. b3 Nc6 18. Nd5 Qa7 19. Rb1 Nd4 20. e3 Bxd5 21. exd4 Bc6
22. d5 Bd7 23. Bf4 Qb6 24. Qd2 a5 25. h4 Rfe8 26. Rfd1 Rab8 27. Bf1 Bf8 28. h5
Qb4 29. hxg6 hxg6 30. Qc1 Kf7 31. Be2 Qb6 32. Kg2 Bg7 33. Rh1 Rh8 34. Qd2 a4
35. Rxh8 Bxh8 36. Rh1 axb3 37. axb3 Bg7 38. Bd1 Rh8 39. Rxh8 Bxh8 40. Qa2 Bf6
41. Qa8 g5 42. Bd2 Qd8 43. Qa7 1/2-1/2

[Event "Hastings Masters"]
[Site "Hastings/UK"]
[Date "2011.01.02"]
[Round "6.13"]
[White "Anwesh, Upadhyaya"]
[Black "Marusenko, Petr"]
[Result "1-0"]
[WhiteElo "2412"]
[BlackElo "2233"]
[PlyCount "57"]
[EventDate "2011.??.??"]
[TimeControl "40/6000+30:20/3000+30:900+30"]

1. c4 c6 2. Nf3 d5 3. d4 Nf6 4. e3 Bf5 5. Nc3 e6 6. Nh4 Bg4 7. Qb3 Qc7 8. h3
Bh5 9. g4 Bg6 10. Nxg6 hxg6 11. g5 dxc4 12. Bxc4 Nd5 13. e4 Nxc3 14. bxc3 Nd7
15. Rb1 Rb8 16. a4 Be7 17. Be3 a6 18. f4 Rh4 19. Qc2 b5 20. Bd3 Nb6 21. Qf2 Rh8
22. f5 gxf5 23. exf5 Nd5 24. Bd2 Bd6 25. Kd1 c5 26. fxe6 fxe6 27. Re1 Rxh3 28.
Qf5 Rh8 29. Qxd5 1-0

[Event "Hastings Masters"]
[Site "Hastings/UK"]
[Date "2011.01.02"]
[Round "6.14"]
[White "Ramondino, Renzo"]
[Black "Wohl, Aleksandar H"]
[Result "0-1"]
[WhiteElo "2289"]
[BlackElo "2375"]
[PlyCount "38"]
[EventDate "2011.??.??"]
[TimeControl "40/6000+30:20/3000+30:900+30"]

1. Nf3 Nf6 2. c4 e6 3. g3 d5 4. d4 Be7 5. Bg2 O-O 6. O-O c6 7. Nc3 Nbd7 8. Bf4
dxc4 9. e4 Nb6 10. Qe2 Nfd7 11. Rfd1 Qe8 12. Nd2 e5 13. dxe5 Bc5 14. Nxc4 Nxc4
15. Qxc4 b5 16. Nxb5 cxb5 17. Qd5 Rb8 18. Bh3 Bxf2+ 19. Kxf2 Nb6 0-1

[Event "Hastings Masters"]
[Site "Hastings/UK"]
[Date "2011.01.02"]
[Round "6.16"]
[White "Lock, Gavin R"]
[Black "Knott, Simon JB"]
[Result "1/2-1/2"]
[WhiteElo "2198"]
[BlackElo "2333"]
[PlyCount "110"]
[EventDate "2011.??.??"]
[TimeControl "40/6000+30:20/3000+30:900+30"]

1. Nf3 Nf6 2. c4 g6 3. Nc3 d5 4. cxd5 Nxd5 5. Qa4+ Bd7 6. Qh4 Nxc3 7. dxc3 Nc6
8. e4 e5 9. Bg5 Be7 10. Bc4 h5 11. Bxe7 Qxe7 12. Qg3 h4 13. Qg5 Qxg5 14. Nxg5
f6 15. Nf3 Ke7 16. Nd2 Nd8 17. Ke2 Ne6 18. g3 Rh6 19. Rhd1 Rah8 20. Ke3 hxg3
21. hxg3 Ng5 22. Nf3 Nxf3 23. Kxf3 Rh2 24. Rd2 Rh1 25. Rad1 Rxd1 26. Rxd1 Bc6
27. Ke3 b6 28. Be2 Ba4 29. b3 Bd7 30. Bf3 Be6 31. Rh1 Rxh1 32. Bxh1 a5 33. Kd3
a4 34. Kc2 Kd6 35. Bg2 c5 36. Bf1 f5 37. exf5 gxf5 38. bxa4 e4 39. a3 Ke5 40.
Kd2 f4 41. gxf4+ Kxf4 42. Be2 Bb3 43. a5 bxa5 44. Bh5 Bc4 45. Bd1 Bf1 46. Bh5
Bg2 47. Bd1 Bh1 48. Be2 Bg2 49. Bd1 Bf3 50. Bb3 Bg4 51. Bc4 Bh5 52. Bb5 Bf3 53.
Bc4 Bh1 54. Be2 Bg2 55. Bd1 Bf3 1/2-1/2

[Event "Hastings Masters"]
[Site "Hastings/UK"]
[Date "2011.01.02"]
[Round "6.18"]
[White "Radovanovic, Jovica"]
[Black "Royset, Paal Nikolaj"]
[Result "1-0"]
[WhiteElo "2329"]
[BlackElo "2152"]
[PlyCount "69"]
[EventDate "2011.??.??"]
[TimeControl "40/6000+30:20/3000+30:900+30"]

1. Nf3 Nf6 2. d4 d5 3. c4 e6 4. Nc3 Be7 5. Bg5 h6 6. Bh4 O-O 7. e3 Ne4 8. Bxe7
Qxe7 9. Rc1 Nxc3 10. Rxc3 c6 11. Bd3 Nd7 12. cxd5 exd5 13. O-O Re8 14. a3 a5
15. Qc2 Nf6 16. Ne5 Ng4 17. f4 Nxe5 18. fxe5 Be6 19. Qf2 Rac8 20. Bb1 Qf8 21.
Rc5 g6 22. Rxa5 c5 23. Qg3 cxd4 24. exd4 Rc4 25. Qe3 Kh7 26. Ba2 Rc2 27. Bxd5
Qe7 28. Qb3 Rec8 29. Bxe6 fxe6 30. Rb5 R2c7 31. Rb6 Qh4 32. Qxe6 Qxd4+ 33. Kh1
Qf4 34. Qxg6+ Kh8 35. Qxh6+ 1-0

[Event "Hastings Masters"]
[Site "Hastings/UK"]
[Date "2011.01.02"]
[Round "6.19"]
[White "Rolvag, Mikael"]
[Black "Kaufeld, Juergen"]
[Result "1/2-1/2"]
[WhiteElo "2179"]
[BlackElo "2270"]
[PlyCount "39"]
[EventDate "2011.??.??"]
[TimeControl "40/6000+30:20/3000+30:900+30"]

1. c4 c6 2. d4 d5 3. Nf3 Nf6 4. e3 a6 5. Bd3 Bg4 6. Nbd2 Nbd7 7. Qc2 dxc4 8.
Bxc4 e6 9. b3 c5 10. Bb2 Rc8 11. Qb1 cxd4 12. Bxd4 b5 13. Be2 Bxf3 14. Nxf3
Bb4+ 15. Kf1 O-O 16. a4 Rb8 17. axb5 axb5 18. g3 Nd5 19. Kg2 Nc3 20. Bxc3
1/2-1/2

[Event "Hastings Masters"]
[Site "Hastings/UK"]
[Date "2011.01.02"]
[Round "6.20"]
[White "Sergienko, Vladislav"]
[Black "Ledger, David"]
[Result "1-0"]
[WhiteElo "2133"]
[BlackElo "2233"]
[PlyCount "73"]
[EventDate "2011.??.??"]
[TimeControl "40/6000+30:20/3000+30:900+30"]

1. d4 Nf6 2. Nf3 g6 3. c4 Bg7 4. g3 O-O 5. Bg2 d6 6. O-O Nbd7 7. Nc3 e5 8. e4
exd4 9. Nxd4 Re8 10. h3 a6 11. Re1 Rb8 12. b3 c5 13. Nc2 b5 14. cxb5 axb5 15.
Bb2 b4 16. Na4 Nb6 17. e5 Nxa4 18. bxa4 Nh5 19. Qxd6 Qxd6 20. exd6 Be6 21. Bxg7
Nxg7 22. a5 Nf5 23. Re5 c4 24. a6 b3 25. axb3 cxb3 26. Na3 b2 27. Rb1 Nxd6 28.
a7 Rb3 29. Ra5 Bf5 30. a8=Q Rxa8 31. Rxa8+ Kg7 32. Rd8 Nb5 33. Rb8 Bxb1 34.
Nxb1 Rd3 35. Rxb5 Rd1+ 36. Bf1 Rxb1 37. Kg2 1-0

[Event "Hastings Masters"]
[Site "Hastings/UK"]
[Date "2011.01.02"]
[Round "6.21"]
[White "de Coverly, Roger D"]
[Black "Salov, Sergei"]
[Result "0-1"]
[WhiteElo "2091"]
[BlackElo "2271"]
[PlyCount "52"]
[EventDate "2011.??.??"]
[TimeControl "40/6000+30:20/3000+30:900+30"]

1. g3 c5 2. Nf3 Nc6 3. d4 cxd4 4. Nxd4 Qb6 5. Nxc6 Qxc6 6. f3 e6 7. e4 Nf6 8.
Nc3 Bb4 9. Bd2 O-O 10. Bd3 d5 11. O-O dxe4 12. fxe4 e5 13. Qf3 Bh3 14. Rfe1
Bc5+ 15. Kh1 Ng4 16. Nd1 Rad8 17. Ne3 f5 18. Bc4+ Kh8 19. Bd5 fxe4 20. Qxf8+
Bxf8 21. Bxc6 Nf2+ 22. Kg1 Rxd2 23. Bxb7 Bc5 24. b4 Bb6 25. Nc4 Ng4+ 26. Nxb6
Rg2+ 0-1

[Event "Hastings Masters"]
[Site "Hastings"]
[Date "2011.01.02"]
[Round "6.29"]
[White "Jackson, James P"]
[Black "Bremner, Adam"]
[Result "1-0"]
[WhiteElo "2146"]
[BlackElo "1912"]
[PlyCount "127"]
[EventDate "2010.12.28"]

1. e4 c6 2. d4 d5 3. f3 dxe4 4. fxe4 e5 5. Nf3 Bg4 6. Bc4 Nd7 7. O-O Ngf6 8. c3
Bd6 9. Qe1 Bh5 10. Nh4 Bg6 11. Nxg6 hxg6 12. h3 Qc7 13. Nd2 g5 14. Nf3 g4 15.
Ng5 O-O-O 16. Nxf7 gxh3 17. gxh3 Rxh3 18. Kg2 Rdh8 19. Nxh8 Rxh8 20. Rh1 Rf8
21. Qe2 Qd8 22. Be6 Qe8 23. Bf5 g6 24. Bxd7+ Kxd7 25. Bg5 exd4 26. Bxf6 Rxf6
27. cxd4 Rf4 28. e5 Qe6 29. Rh3 Rxd4 30. Re1 Qd5+ 31. Qf3 Bxe5 32. Rh7+ Kd6 33.
Qxd5+ Rxd5 34. Re2 Ra5 35. b3 Bf4 36. Rxb7 g5 37. Kf3 c5 38. Rc2 Ke5 39. Rd7 c4
40. bxc4 Ra3+ 41. Kf2 Rh3 42. Rd5+ Ke6 43. Re2+ Kf6 44. Kg1 Rc3 45. Re4 Rc1+
46. Kf2 Rc2+ 47. Kf3 Rxa2 48. Re2 Ra4 49. Rc2 Ke6 50. Rd3 Ra6 51. c5 Rc6 52.
Ke4 Bc7 53. Rd5 g4 54. Rh5 Kd7 55. Kd5 Rg6 56. c6+ Kd8 57. Rh8+ Ke7 58. Re2+
Kf6 59. Rf8+ Kg5 60. Rf7 Bb6 61. c7 Rg8 62. Rg7+ Kh4 63. Rxg8 Bxc7 64. Re4 1-0

[Event "Hastings Masters"]
[Site "Hastings"]
[Date "2011.01.02"]
[Round "6.30"]
[White "Almond, Richard J"]
[Black "Kelly, Paul J"]
[Result "1/2-1/2"]
[WhiteElo "2145"]
[BlackElo "1946"]
[PlyCount "103"]
[EventDate "2010.12.28"]

1. d4 b5 2. e4 Bb7 3. Bd3 Nf6 4. Qe2 a6 5. Bg5 h6 6. Bh4 e6 7. Nf3 Be7 8. O-O
d5 9. e5 Nfd7 10. Bxe7 Qxe7 11. c3 c5 12. Nbd2 c4 13. Bc2 Nc6 14. a3 a5 15. b4
axb4 16. axb4 O-O 17. Qe3 Rfb8 18. Rfb1 Nb6 19. Nf1 Bc8 20. Qe1 Bd7 21. Ne3 Kf8
22. h3 Ke8 23. Nh2 Kd8 24. f4 Kc7 25. f5 Kb7 26. Nhg4 Na4 27. f6 Qf8 28. fxg7
Qxg7 29. Nf6 Kc7 30. Bxa4 Rxa4 31. Rxa4 bxa4 32. Ra1 Ra8 33. Ra3 Ne7 34. Nxd7
Kxd7 35. Qd1 Qg3 36. Nf1 Qd3 37. Qa1 Kc7 38. Qb2 Nf5 39. Ra1 Kb6 40. b5 Ra5 41.
Qb4 Nxd4 42. Qd6+ Kxb5 43. Qb8+ Ka6 44. Qa8+ Kb6 45. Qb8+ Ka6 46. Qc8+ Kb6 47.
Qb8+ Ka6 48. Qd6+ Ka7 49. Qd7+ Kb6 50. Qd8+ Ka6 51. Qc8+ Kb6 52. Qb8+ 1/2-1/2

[Event "Hastings Masters"]
[Site "Hastings"]
[Date "2011.01.02"]
[Round "6.45"]
[White "Ramstad, Havard"]
[Black "Calvert, D Ian"]
[Result "1/2-1/2"]
[WhiteElo "1791"]
[BlackElo "1980"]
[PlyCount "62"]
[EventDate "2010.12.28"]

1. d4 d5 2. Nf3 Nf6 3. Bf4 c5 4. e3 Nc6 5. h3 g6 6. c3 Bg7 7. Be2 O-O 8. Nbd2
b6 9. O-O Bb7 10. Ne5 Nxe5 11. Bxe5 Ne4 12. Bxg7 Kxg7 13. Nxe4 dxe4 14. dxc5
bxc5 15. Qb3 Qb6 16. Rfd1 Rfd8 17. Bc4 e6 18. Qc2 Rxd1+ 19. Rxd1 Rd8 20. Rd2
Rxd2 21. Qxd2 Ba6 22. Bxa6 Qxa6 23. b4 cxb4 24. cxb4 h5 25. Qb2+ Kf8 26. Qb3
Ke7 27. a4 Qe2 28. g3 g5 29. b5 f5 30. a5 Qe1+ 31. Kg2 Qxa5 1/2-1/2

[Event "Hastings Masters"]
[Site "Hastings"]
[Date "2011.01.02"]
[Round "6.47"]
[White "Pooley, Mark"]
[Black "Spanton, Tim R"]
[Result "0-1"]
[WhiteElo "1778"]
[BlackElo "2030"]
[PlyCount "104"]
[EventDate "2010.12.28"]

1. Nf3 c5 2. d3 Nc6 3. e4 g6 4. c3 Bg7 5. g3 d5 6. exd5 Qxd5 7. Bg2 Bf5 8. O-O
Qxd3 9. Qxd3 Bxd3 10. Rd1 O-O-O 11. Be3 b6 12. Na3 Nf6 13. Ne1 Be4 14. Bh3+ Kb7
15. Nb5 a6 16. Na3 Nd5 17. Nac2 Nxe3 18. Nxe3 Ne5 19. Bg2 Bxg2 20. Kxg2 Bh6 21.
f4 Nc6 22. Nf3 {(=)} e5 23. Ng4 Bg7 24. fxe5 Rhe8 25. Rd2 Rxd2+ 26. Nxd2 Nxe5
27. Re1 f5 28. Nxe5 Rxe5 29. Rxe5 Bxe5 30. Nc4 {(=)} Bf6 31. Kf3 Kc6 32. Ke3 b5
33. Na3 Bg5+ 34. Kd3 Bc1 35. Kc2 Be3 36. Nb1 h5 37. Kd3 Bg1 38. h3 Bh2 39. Nd2
Bxg3 40. Nf3 Kd5 41. Ng5 Bf4 42. Nf3 g5 43. b3 c4+ 44. Ke2 g4 45. hxg4 fxg4 46.
Nh4 Be5 47. Kd2 Ke4 48. Ng6 g3 49. Nh4 Bf6 50. Ng2 h4 51. bxc4 bxc4 52. Ne3 Bg5
0-1

[Event "Hastings Masters"]
[Site "Hastings"]
[Date "2011.01.02"]
[Round "6.49"]
[White "Dunlop, Neil J"]
[Black "Sargent, John"]
[Result "1-0"]
[WhiteElo "1923"]
[BlackElo "1770"]
[PlyCount "35"]
[EventDate "2010.12.28"]

1. e4 c5 2. Nc3 e6 3. g3 d5 4. exd5 exd5 5. d4 c4 6. Bg2 Be6 7. Nge2 Nf6 8. O-O
Bb4 9. Bg5 O-O 10. Bxf6 gxf6 11. Nf4 Bxc3 12. bxc3 Qd6 13. Qf3 Rd8 14. Nxe6
Qxe6 15. Rfe1 Qc6 16. Re7 Kf8 17. Rae1 Na6 18. Qh5 1-0

[Event "Hastings Masters"]
[Site "?"]
[Date "2011.01.02"]
[Round "6.27"]
[White "Jaunooby, Ali R"]
[Black "Sreeves, Clement"]
[Result "0-1"]
[WhiteElo "2207"]
[BlackElo "2104"]
[PlyCount "76"]
[EventDate "2011.01.02"]

1. d4 Nf6 2. c4 g6 3. Nc3 Bg7 4. g3 O-O 5. Bg2 d6 6. e3 Nbd7 7. Nge2 e5 8. h3
Re8 9. b3 a5 10. Rb1 c6 11. d5 cxd5 12. Nxd5 Nxd5 13. Bxd5 Nc5 14. e4 Rf8 15.
Nc3 Kh8 16. h4 h5 17. f3 f5 18. Bg5 Qb6 19. Qe2 Ne6 20. Bxe6 Bxe6 21. Rd1 Rf7
22. Nb5 Bf8 23. exf5 Bxf5 24. g4 hxg4 25. h5 Kg8 26. hxg6 Bxg6 27. fxg4 a4 28.
b4 Rc8 29. Rd5 Rxc4 30. Qxc4 Qf2+ 31. Kd1 Qf3+ 32. Kd2 Qxh1 33. Rxd6 {(=)} Qg2+
34. Kc1 Bxd6 35. Nxd6 Qf1+ 36. Kb2 Qxc4 37. Nxc4 Rf2+ 38. Kc3 Rc2# 0-1